Talking your way around the world. (Record no. 329155)
[ view plain ]
| 000 -LEADER | |
|---|---|
| fixed length control field | 00797cam a22002651 4500 |
| 001 - CONTROL NUMBER | |
| control field | 10305438 |
| 003 - CONTROL NUMBER IDENTIFIER | |
| control field | Nust |
| 005 - DATE AND TIME OF LATEST TRANSACTION | |
| control field | 20170425132316.0 |
| 008 - FIXED-LENGTH DATA ELEMENTS--GENERAL INFORMATION | |
| fixed length control field | 750528s1961 nyu 000 0 eng |
| 010 ## - LIBRARY OF CONGRESS CONTROL NUMBER | |
| LC control number | 61008612 |
| 015 ## - NATIONAL BIBLIOGRAPHY NUMBER | |
| National bibliography number | GB61-13069 |
| 035 ## - SYSTEM CONTROL NUMBER | |
| System control number | (OCoLC)1357061 |
| 040 ## - CATALOGING SOURCE | |
| Original cataloging agency | DLC |
| Transcribing agency | FO |
| Modifying agency | OCoLC |
| -- | Uk |
| -- | DLC |
| 042 ## - AUTHENTICATION CODE | |
| Authentication code | premarc |
| 050 00 - LIBRARY OF CONGRESS CALL NUMBER | |
| Classification number | P361 |
| Item number | .P38 1961 |
| 082 ## - DEWEY DECIMAL CLASSIFICATION NUMBER | |
| Classification number | 413 PEI |
| 100 1# - MAIN ENTRY--PERSONAL NAME | |
| Personal name | Pei, Mario, |
| Dates associated with a name | 1901-1978. |
| 245 10 - TITLE STATEMENT | |
| Title | Talking your way around the world. |
| 260 ## - PUBLICATION, DISTRIBUTION, ETC. | |
| Place of publication, distribution, etc. | New York, |
| Name of publisher, distributor, etc. | Harper |
| Date of publication, distribution, etc. | [1961] |
| 300 ## - PHYSICAL DESCRIPTION | |
| Extent | 216 p. |
| Dimensions | 22 cm. |
| 500 ## - GENERAL NOTE | |
| General note | H.B |
| 650 #0 - SUBJECT ADDED ENTRY--TOPICAL TERM | |
| Topical term or geographic name entry element | Polyglot glossaries, phrase books, etc. |
| 650 #0 - SUBJECT ADDED ENTRY--TOPICAL TERM | |
| Topical term or geographic name entry element | Language and languages. |
| 906 ## - LOCAL DATA ELEMENT F, LDF (RLIN) | |
| a | 7 |
| b | cbc |
| c | oclcrpl |
| d | u |
| e | ncip |
| f | 19 |
| g | y-gencatlg |
| 942 ## - ADDED ENTRY ELEMENTS (KOHA) | |
| Source of classification or shelving scheme | |
| Koha item type | Book |
| Call number prefix | 413 PEI |
| Withdrawn status | Lost status | Source of classification or shelving scheme | Damaged status | Not for loan | Collection code | Permanent Location | Current Location | Shelving location | Date acquired | Total Checkouts | Full call number | Barcode | Date last seen | Price effective from | Koha item type |
|---|---|---|---|---|---|---|---|---|---|---|---|---|---|---|---|
| Institute of Environmental Science and Engineering (IESE) | Institute of Environmental Science and Engineering (IESE) | General Stacks | 04/25/2017 | 413 PEI | IESE-239 | 04/25/2017 | 04/25/2017 | Book |
